00691nam a2200241 a 4500001001300000003000900013005001700022008004100039020001200080082001500092100001900107245002600126260004000152300000800192500003500200505003400235650001600269700001900285902000800304942000700312952011500319999001500434nice12345678IN_TiNIC20260116011608.0050524s1959 lona grp 000 0 eng  ac266.400a231.3bHUX aHuxtable, John aPromise of the Father aLondonbIndependent Press Ltdc1959 a95p aincludes index and biblioraphy2 aEpiscopal Church in the Sudan aHoly Spirit1 aHuxtable, John bSRS cBK 001040708StackRoom-aHMIbHMId2007-06-15g266.40l0o231.3 HUXp02831r2007-06-15v266.40w2005-05-24yBK c2811d2811